|
|
|
|
| LEADER |
01006nam a2200241 a 4500 |
| 001 |
20943940 |
| 008 |
0901719s1988 enka b 000 0 eng d |
| 020 |
|
|
|a 014077145X :
|c Đ2.99
|
| 040 |
|
|
|a IAI
|c IAI
|
| 082 |
0 |
0 |
|a 822.3/3
|2 19
|
| 100 |
1 |
|
|a Reynolds, Peter,
|d 1946-
|
| 245 |
1 |
0 |
|a William Shakespeare, As you like it :
|b a dramatic commentary /
|c Peter Reynolds.
|
| 260 |
|
|
|a London, England ;
|a New York, N.Y., USA :
|b Penguin Books,
|c 1988.
|
| 300 |
|
|
|a 117, [1] p. :
|b ill. ;
|c 20 cm.
|
| 490 |
0 |
|
|a Penguin critical studies.
|
| 504 |
|
|
|a Includes bibliographical references (p. 117-[118]).
|
| 541 |
1 |
|
|e 00009281
|
| 600 |
1 |
0 |
|a Shakespeare, William,
|d 1564-1616.
|t As you like it.
|
| 740 |
0 |
|
|a As you like it.
|
| 852 |
4 |
|
|a Ayesha Abed Library
|j General Shelf.
|
| 942 |
0 |
0 |
|0 1
|
| 999 |
|
|
|c 2771
|d 2771
|
| 952 |
|
|
|0 0
|1 0
|2 ddc
|4 0
|6 822_330000000000000_REY
|7 0
|9 2545
|a BRACUL
|b BRACUL
|c GEN
|d 2009-07-23
|g 0.00
|l 19
|m 84
|o 822.33 REY
|p 3010009281
|r 2026-05-10
|s 2026-05-10
|t 1
|w 2009-07-23
|y BK
|x No price found in the accession register.
|